000 01066nam a2200313 a 4500
001 1073394
003 OSt
005 20140310181915.0
008 910215s1992 iaua b 001 0 eng
010 _a 91070905
020 _a0697111571
040 _aDLC
_cDLC
043 _an-us---
050 0 0 _aLB 1587.A3
_b.M647 1992
082 0 0 _aTR 372.3
_bM613 1992
100 1 _aMiller, Dean F.
_9825
245 1 0 _aHealth education in the elementary school /
_cDean F. Miller, Susan K. Telljohann.
260 _aDubuque, IA :
_bW.C. Brown Publishers,
_cc1992.
300 _axvi, 377 p. :
_bill. ;
_c24 cm.
504 _aIncludes bibliographical references and index.
521 _aFaculty.
541 _j1
562 _e1
650 0 _aHealth education (Elementary)
_zUnited States.
_9826
700 1 _aTelljohann, Susan Kay,
_d1958-
_9827
906 _a7
_bcbc
_corignew
_d2
_eopcn
_f19
_gy-gencatlg
942 _2lcc
_cBK-TR
_kTR
999 _c6735
_d6735